[Event "Moscow Open 2007"]
[Site "Moscow"]
[Date "2007.01.27"]
[Round "1"]
[White "Lyubokhiner, Leonid M"]
[Black "Filipenko, Alexander V"]
[Result "0-1"]
[WhiteElo "1805"]
[BlackElo "2376"]
[PlyCount "56"]
[EventDate "2007.??.??"]

1. e4 c5 2. Nf3 d6 3. c3 Nf6 4. Bb5+ Nbd7 5. d3 a6 6. Bxd7+ Bxd7 7. a4 c4 8. e5
dxe5 9. Nxe5 cxd3 10. O-O Bf5 11. Nd2 e6 12. Ndf3 Bd6 13. Kh1 Bxe5 14. Nxe5 Qd5
15. Bf4 Rd8 16. a5 O-O 17. Ra4 h6 18. Nc4 Qc5 19. Ne3 Be4 20. Rc4 Qb5 21. Bc7
Rd7 22. Rb4 Qg5 23. f4 Qg6 24. Be5 Nd5 25. Rxe4 Qxe4 26. Nxd5 Qxd5 27. Re1 d2
28. Re3 Qb3 0-1

[Event "Moscow Open 2007"]
[Site "Moscow"]
[Date "2007.01.28"]
[Round "2"]
[White "Fedorov, Alexei"]
[Black "Balashov, Yuri"]
[Result "1/2-1/2"]
[WhiteElo "2624"]
[BlackElo "2422"]
[PlyCount "111"]
[EventDate "2007.??.??"]

1. e4 e5 2. Nf3 Nc6 3. Bb5 a6 4. Ba4 Nf6 5. O-O Be7 6. Re1 b5 7. Bb3 d6 8. c3
O-O 9. h3 Re8 10. d4 Bb7 11. Nbd2 Bf8 12. Bc2 g6 13. d5 Nb8 14. b3 Bh6 15. c4
b4 16. a3 a5 17. axb4 axb4 18. Rxa8 Bxa8 19. c5 dxc5 20. Bb2 Nfd7 21. Nc4 f6
22. Qa1 Bb7 23. Bd3 Bf8 24. Qa7 Qc8 25. Ra1 Ba6 26. Nfd2 Bxc4 27. Nxc4 Bd6 28.
Bc1 h5 29. Be3 Rf8 30. f3 Rf7 31. Ra5 Kg7 32. Rb5 Qa6 33. Qxa6 Nxa6 34. Rb7
Nab8 35. Nxd6 cxd6 36. Bb5 g5 37. h4 Kg6 38. Kh2 Rg7 39. Kh3 Rf7 40. g3 Rg7 41.
Kg2 gxh4 42. gxh4 Kf7+ 43. Kf2 Ke7 44. Be2 Kd8 45. f4 Re7 46. fxe5 Rxe5 47. Bf4
Rxe4 48. Bxd6 Kc8 49. Rc7+ Kd8 50. Ra7 Kc8 51. Bc7 Rxh4 52. Ba5 Rd4 53. d6 Rxd6
54. Rc7+ Kd8 55. Rxc5+ Ke7 56. Bxb4 1/2-1/2

[Event "Moscow Open 2007"]
[Site "Moscow"]
[Date "2007.01.28"]
[Round "2"]
[White "Najer, Evgeniy"]
[Black "Shimanov, Aleksandr"]
[Result "1-0"]
[WhiteElo "2605"]
[BlackElo "2419"]
[PlyCount "141"]
[EventDate "2007.??.??"]

1. d4 d5 2. c4 c6 3. Nf3 Nf6 4. Nc3 a6 5. c5 g6 6. Bf4 Bg7 7. h3 O-O 8. e3 Nbd7
9. Be2 b6 10. cxb6 Qxb6 11. O-O Qxb2 12. Na4 Qa3 13. Rc1 Bb7 14. Rc3 Qb4 15.
Qb3 a5 16. a3 Qxb3 17. Rxb3 Ra7 18. Rfb1 Ba8 19. Bd3 h6 20. Ne5 Nxe5 21. Bxe5
Nd7 22. Bxg7 Kxg7 23. f4 Rc7 24. Nc5 Re8 25. Nxd7 Rxd7 26. Rb6 Ra7 27. Kf2 Rc8
28. Ra6 Rxa6 29. Bxa6 Rc7 30. Rb8 Ra7 31. Bd3 h5 32. g4 hxg4 33. hxg4 Bb7 34.
Ke2 Ba6 35. Rb6 Bb7 36. Kd2 Kf6 37. Bb5 e6 38. Bxc6 Bxc6 39. Rxc6 a4 40. Rb6
Rc7 41. Rb4 Ra7 42. Kd3 g5 43. f5 Ra6 44. fxe6 fxe6 45. e4 dxe4+ 46. Kxe4 Ra5
47. Rb6 Ke7 48. Kd3 Ra8 49. Rb5 Kf6 50. d5 Rh8 51. Rb6 Rh3+ 52. Ke4 Rxa3 53.
Rxe6+ Kf7 54. Ra6 Ke7 55. Kf5 Rd3 56. Ra5 Kd6 57. Rxa4 Rxd5+ 58. Kf6 Kd7 59.
Ra7+ Kd8 60. Ra8+ Kd7 61. Rg8 Rd6+ 62. Kf7 Rd5 63. Rg6 Rc5 64. Kf6 Kd6 65. Rxg5
Rc4 66. Rg8 Rc6 67. g5 Kd7+ 68. Kf7 Rc1 69. g6 Rf1+ 70. Kg7 Ke7 71. Ra8 1-0

[Event "Moscow Open 2007"]
[Site "Moscow"]
[Date "2007.01.28"]
[Round "2"]
[White "Shabanov, Yuri"]
[Black "Bocharov, Dmitry"]
[Result "0-1"]
[WhiteElo "2422"]
[BlackElo "2602"]
[PlyCount "94"]
[EventDate "2007.??.??"]

1. e4 c5 2. f4 g6 3. Nf3 Bg7 4. Be2 d5 5. d3 e6 6. c3 Nc6 7. O-O Nge7 8. Na3
O-O 9. Qe1 d4 10. Bd2 dxc3 11. bxc3 b6 12. Rd1 Ba6 13. Kh1 Qd7 14. c4 Bb7 15.
Nc2 Rfd8 16. Qh4 f5 17. e5 h6 18. Rb1 Kf7 19. Rb3 Rab8 20. Rfb1 Qc7 21. Na3 a6
22. Nc2 Ba8 23. a4 Na5 24. Bxa5 bxa5 25. Qe1 Rxb3 26. Rxb3 Nc6 27. h4 Nb4 28.
Nxb4 axb4 29. h5 gxh5 30. Nh4 Bc6 31. Rb2 Kg8 32. Qg3 a5 33. Bxh5 Bxa4 34. Ra2
Bd7 35. Ng6 Be8 36. Bd1 Rb8 37. Bb3 a4 38. Bxa4 b3 39. Bxb3 Rxb3 40. Ra8 Rb8
41. Ra6 Qf7 42. Nh4 Kh7 43. Kh2 Bf8 44. Qf3 Rd8 45. g3 Be7 46. Ng2 Kg7 47. Ra7
Rd7 0-1

[Event "Moscow Open 2007"]
[Site "Moscow"]
[Date "2007.01.28"]
[Round "2"]
[White "Paveliev, Alexey"]
[Black "Belov, Vladimir"]
[Result "1/2-1/2"]
[WhiteElo "2418"]
[BlackElo "2600"]
[PlyCount "138"]
[EventDate "2007.??.??"]

1. e4 c5 2. Nf3 e6 3. Nc3 d6 4. g3 Nf6 5. d4 cxd4 6. Nxd4 Nc6 7. Bg2 Bd7 8. O-O
Be7 9. Nce2 Nxd4 10. Nxd4 Rc8 11. a4 O-O 12. Nb5 e5 13. h3 Rc6 14. b3 a6 15.
Na3 Rc8 16. c4 Bc6 17. Re1 Nd7 18. Nc2 Nc5 19. Nb4 Qb6 20. Bd2 a5 21. Nxc6 bxc6
22. Rb1 Qa7 23. Be3 Rb8 24. h4 Rb4 25. h5 h6 26. Bh3 Qb6 27. Bf5 Rb8 28. Kg2
Rd8 29. Qg4 Kh8 30. Qf3 Qa7 31. Qd1 Bg5 32. Bxc5 Qxc5 33. Qd3 Rdb8 34. Red1 Be7
35. Kf1 Qb6 36. Kg2 Kg8 37. Qc3 Qc5 38. Qd3 Kf8 39. Qf3 Bd8 40. Rd3 Kg8 41.
Rbd1 Be7 42. Rc3 R4b7 43. Rdd3 Bd8 44. Rc2 Bc7 45. Rcd2 Qa3 46. Bd7 Qc5 47. Qe3
Qxe3 48. fxe3 Rb6 49. c5 dxc5 50. Bf5 Rxb3 51. Rd7 Rb2 52. Rxb2 Rxb2+ 53. Kf3
Rb7 54. Rd3 c4 55. Rc3 Rb4 56. Bd7 Rxa4 57. Bxc6 Rb4 58. Bd5 Kf8 59. Bxc4 Bd6
60. Bd5 Ke7 61. Rc6 Rb8 62. Ra6 Bc7 63. Ra7 Kd7 64. Ke2 Rb2+ 65. Kf3 Rb1 66.
Ra8 Bd8 67. Ra7+ Bc7 68. Ra8 g6 69. Rf8 gxh5 1/2-1/2

[Event "Moscow Open 2007"]
[Site "Moscow"]
[Date "2007.01.28"]
[Round "2"]
[White "Svetushkin, Dmitry"]
[Black "Papin, Vasily"]
[Result "1-0"]
[WhiteElo "2588"]
[BlackElo "2416"]
[PlyCount "71"]
[EventDate "2007.??.??"]

1. e4 c5 2. Nf3 e6 3. d4 cxd4 4. Nxd4 Nc6 5. Nb5 d6 6. c4 Nf6 7. N5c3 Be7 8.
Be2 O-O 9. O-O b6 10. Re1 Bb7 11. Bf4 Ne5 12. Nd2 Rc8 13. Rc1 Qc7 14. a3 Qb8
15. b4 Qa8 16. Bf1 Rfd8 17. Bg3 g5 18. Qe2 Ng6 19. Nb3 Ba6 20. b5 Bb7 21. a4 a5
22. bxa6 Bxa6 23. Nb5 Bb7 24. f3 Ne5 25. Qe3 Nfd7 26. Red1 Nc5 27. a5 Qa6 28.
Nxc5 bxc5 29. Nxd6 Bxd6 30. Bxe5 Be7 31. Qc3 Bf8 32. Bf6 Rxd1 33. Rxd1 h6 34.
h4 gxh4 35. Qe1 Bg7 36. e5 1-0

[Event "Moscow Open 2007"]
[Site "Moscow"]
[Date "2007.01.28"]
[Round "2"]
[White "Kornev, Alexei"]
[Black "Obodchuk, Andrei"]
[Result "1-0"]
[WhiteElo "2582"]
[BlackElo "2410"]
[PlyCount "115"]
[EventDate "2007.??.??"]

1. e4 c5 2. Nf3 Nc6 3. d4 cxd4 4. Nxd4 Nf6 5. Nc3 d6 6. Bc4 e6 7. Be3 Be7 8.
Qe2 Bd7 9. O-O-O Rc8 10. Bb3 Na5 11. f3 Nxb3+ 12. axb3 Qa5 13. Kb1 O-O 14. g4
Ne8 15. h4 Nc7 16. Bg5 f6 17. Bd2 Qa6 18. Qg2 b5 19. g5 f5 20. exf5 exf5 21. g6
h6 22. Bg5 Rfe8 23. Bxe7 Rxe7 24. f4 b4 25. Nd5 Re4 26. Nxb4 Qb6 27. Qd2 Qc5
28. Na2 Nd5 29. Rh3 Rce8 30. Nc3 Nb4 31. Nde2 R4e6 32. h5 Qa5 33. Nc1 Qc5 34.
Nd3 Nxd3 35. Rxd3 Bc6 36. Nd5 Re2 37. Qc3 Bb5 38. Qxc5 dxc5 39. Rc3 R2e4 40.
Nc7 Be2 41. Rd7 Rf8 42. Rxc5 Bxh5 43. Rc6 Re1+ 44. Ka2 Rg1 45. Ne6 Rxg6 46.
Rcc7 Rb8 47. Rxg7+ Rxg7 48. Rxg7+ Kh8 49. Rxa7 Bf3 50. c4 Bd1 51. Nd4 Bg4 52.
c5 h5 53. c6 h4 54. c7 Rc8 55. Nb5 h3 56. Nd6 Rf8 57. Nf7+ Kg7 58. Nd8 1-0

[Event "Moscow Open 2007"]
[Site "Moscow"]
[Date "2007.01.28"]
[Round "2"]
[White "Burmakin, Vladimir"]
[Black "Burlov, Vassili"]
[Result "1-0"]
[WhiteElo "2568"]
[BlackElo "2410"]
[PlyCount "75"]
[EventDate "2007.??.??"]

1. d4 Nf6 2. g3 e6 3. Bg2 c5 4. Nf3 cxd4 5. O-O d5 6. Nxd4 Be7 7. c4 O-O 8.
cxd5 exd5 9. Nc3 Nc6 10. Be3 Be6 11. Nxe6 fxe6 12. Qa4 Kh8 13. Rad1 Bb4 14. Nb5
Qe7 15. a3 Ba5 16. Nxa7 Qd7 17. Nxc6 bxc6 18. Qc2 Rfb8 19. Bc1 Bb6 20. e4 Rf8
21. Qe2 Qf7 22. Kh1 Qg6 23. e5 Nd7 24. f4 Nc5 25. Rf3 Ne4 26. Rdf1 Qh5 27. Qc2
Qg6 28. Qe2 Qh5 29. Qe1 Rab8 30. Rd3 Nc5 31. Rc3 Qg6 32. Qe2 Rfc8 33. b4 Na4
34. Rcf3 Qf5 35. g4 Qxg4 36. Qc2 Ra8 37. Bh3 Qg6 38. Qxg6 1-0

[Event "Moscow Open 2007"]
[Site "Moscow"]
[Date "2007.01.28"]
[Round "2"]
[White "Grachev, Boris"]
[Black "Krylov, Mikhail"]
[Result "1-0"]
[WhiteElo "2563"]
[BlackElo "2408"]
[PlyCount "75"]
[EventDate "2007.??.??"]

1. d4 Nf6 2. c4 g6 3. Nf3 Bg7 4. g3 O-O 5. Bg2 d6 6. Nc3 Nc6 7. O-O a6 8. b3
Rb8 9. Nd5 Nh5 10. Bb2 e6 11. Ne3 Ne7 12. Qd2 b6 13. Ne1 f5 14. f4 h6 15. Nd1
Nf6 16. Nf2 Bb7 17. Bxb7 Rxb7 18. Qd3 b5 19. e4 bxc4 20. Qxc4 d5 21. exd5 Nfxd5
22. Qxa6 Rb6 23. Qe2 g5 24. fxg5 hxg5 25. Nf3 Ng6 26. Nd2 g4 27. Nc4 Ra6 28.
Nd3 Qg5 29. Nc5 Rc6 30. Nxe6 Qe7 31. Rae1 Re8 32. Qg2 Nb4 33. d5 Rxe6 34. Rxe6
Qc5+ 35. Qf2 Qxf2+ 36. Rxf2 Rxe6 37. dxe6 Nd3 38. Re2 1-0

[Event "Moscow Open 2007"]
[Site "Moscow"]
[Date "2007.01.28"]
[Round "2"]
[White "Kozlov, Vladimir N"]
[Black "Turov, Maxim"]
[Result "0-1"]
[WhiteElo "2413"]
[BlackElo "2562"]
[PlyCount "68"]
[EventDate "2007.??.??"]

1. e4 e5 2. Nf3 Nc6 3. Nc3 Nf6 4. Bb5 Nd4 5. Ba4 c6 6. Nxe5 d6 7. Nf3 Bg4 8. d3
d5 9. O-O b5 10. Bb3 b4 11. Nb1 dxe4 12. dxe4 Nxf3+ 13. gxf3 Qxd1 14. Rxd1 Bxf3
15. Re1 Nd7 16. Nd2 Ne5 17. Re3 Bh5 18. Rg3 Bd6 19. f4 Ng6 20. Nc4 Bxf4 21.
Rxg6 Bxc1 22. Rxg7 Bh6 23. Nd6+ Kd7 24. Rxf7+ Bxf7 25. Nxf7 Rhg8+ 26. Kh1 Bf4
27. Rf1 Rg4 28. h3 Rh4 29. Rf3 Re8 30. Rd3+ Kc7 31. Rd4 Be3 32. Rxb4 Rg8 33.
Be6 Rf4 34. Bg4 Rxf7 0-1

[Event "Moscow Open 2007"]
[Site "Moscow"]
[Date "2007.01.28"]
[Round "2"]
[White "Zontakh, Andrey"]
[Black "Nakhapetiane, Pogos"]
[Result "1-0"]
[WhiteElo "2562"]
[BlackElo "2408"]
[PlyCount "85"]
[EventDate "2007.??.??"]

1. e4 c5 2. Nf3 Nc6 3. d4 cxd4 4. Nxd4 Nf6 5. Nc3 e5 6. Ndb5 d6 7. Bg5 a6 8.
Na3 b5 9. Nd5 Be7 10. Bxf6 Bxf6 11. c3 Rb8 12. Nc2 O-O 13. h4 Be7 14. Nce3 Be6
15. Qf3 Qd7 16. Rd1 Bd8 17. Be2 Ne7 18. h5 h6 19. O-O Bb6 20. Nf5 Nxf5 21. exf5
Bxd5 22. Rxd5 e4 23. Qxe4 Rfe8 24. Qf3 Qe7 25. Bd3 Qf6 26. g3 Re7 27. Kg2 Rbe8
28. Rd1 Ba7 29. a3 Re5 30. Bc2 Bb8 31. Bb3 Re4 32. R1d2 Bc7 33. Bc2 R4e7 34.
Qf4 Rb8 35. a4 b4 36. cxb4 Qxb2 37. R5d4 d5 38. Qf3 Be5 39. f6 Bxf6 40. Bh7+
Kxh7 41. Rxb2 Bxd4 42. Qd3+ Re4 43. Rc2 1-0

[Event "Moscow Open 2007"]
[Site "Moscow"]
[Date "2007.01.28"]
[Round "2"]
[White "Ovod, Evgenija"]
[Black "Amonatov, Farrukh"]
[Result "0-1"]
[WhiteElo "2410"]
[BlackElo "2559"]
[PlyCount "80"]
[EventDate "2007.??.??"]

1. d4 Nf6 2. c4 g6 3. Nc3 Bg7 4. e4 d6 5. Nf3 O-O 6. Be2 e5 7. O-O Nc6 8. d5
Ne7 9. Ne1 Nd7 10. f3 f5 11. g4 Nf6 12. Be3 c5 13. Nd3 h6 14. Kh1 Rf7 15. Rg1
fxg4 16. fxg4 g5 17. h4 Ng6 18. hxg5 Nh7 19. gxh6 Bxh6 20. g5 Nxg5 21. Bh5 Rg7
22. Bxg6 Nf3 23. Bf7+ Kh8 24. Rxg7 Qh4+ 25. Kg2 Qh2+ 26. Kxf3 Qh3+ 27. Ke2
Qxe3+ 28. Kf1 Kxg7 29. Nf2 Bh3+ 30. Nxh3 Qxh3+ 31. Kf2 Qh2+ 32. Kf3 Qh3+ 33.
Kf2 Rf8 34. Qg1+ Kxf7 35. Rf1 Ke7+ 36. Ke1 Qd3 37. Rf2 Qe3+ 38. Ne2 Qd2+ 39.
Kf1 Qd1+ 40. Kg2 Rg8+ 0-1

[Event "Moscow Open 2007"]
[Site "Moscow"]
[Date "2007.01.28"]
[Round "2"]
[White "Chernyshov, Konstantin"]
[Black "Pustov, Pavel"]
[Result "1-0"]
[WhiteElo "2556"]
[BlackElo "2407"]
[PlyCount "73"]
[EventDate "2007.??.??"]

1. d4 d5 2. Bf4 Nf6 3. e3 g6 4. c4 Bg7 5. Nc3 O-O 6. Nf3 c5 7. dxc5 Qa5 8. Nd2
dxc4 9. Bxc4 Qxc5 10. Rc1 Nc6 11. Nb5 Qf5 12. O-O Nh5 13. Bc7 Bxb2 14. Rb1 Be5
15. Nf3 Bxc7 16. Nxc7 Rb8 17. Bb5 Rd8 18. Qa4 Qd7 19. Nd5 Qxd5 20. Bxc6 Bd7 21.
Bxd7 Qxd7 22. Qxa7 Ra8 23. Qxb7 Rxa2 24. Ne5 Qe6 25. Nc6 Re8 26. Rb5 Kf8 27.
Nd4 Qc4 28. Qe4 Rc8 29. g4 Nf6 30. Qe5 Qc7 31. Qg5 Ne4 32. Qh4 Kg8 33. Nf3 Qc6
34. Rb4 Nc3 35. e4 Nxe4 36. Rxe4 Qxe4 37. Ng5 1-0

[Event "Moscow Open 2007"]
[Site "Moscow"]
[Date "2007.01.28"]
[Round "2"]
[White "Shaposhnikov, Evgeny"]
[Black "Ayupov, Damir"]
[Result "1-0"]
[WhiteElo "2554"]
[BlackElo "2403"]
[PlyCount "87"]
[EventDate "2007.??.??"]

1. e4 e6 2. d4 d5 3. Nc3 Nf6 4. e5 Nfd7 5. f4 c5 6. Nf3 Nc6 7. Be3 Qb6 8. Na4
Qa5+ 9. c3 c4 10. b4 Qc7 11. g3 b5 12. Nc5 a5 13. a3 Nxc5 14. dxc5 Be7 15. Bh3
O-O 16. O-O Bd7 17. Qd2 axb4 18. axb4 Qb7 19. Rac1 Ra3 20. Nd4 Rfa8 21. Nxc6
Qxc6 22. Bd4 Ra2 23. Qe3 Rb2 24. Rf2 Rxf2 25. Qxf2 Qa6 26. f5 exf5 27. Bxf5 Be6
28. Rf1 Bd8 29. Qc2 g6 30. Bxe6 Qxe6 31. Qd2 Ra6 32. Qh6 Be7 33. Rf2 Qg4 34.
Qf4 Qe6 35. Kg2 Bf8 36. Qf6 Bg7 37. Qd8+ Bf8 38. Qb8 Qd7 39. h3 h5 40. Rf6 Re6
41. c6 Rxc6 42. Qxb5 Rc7 43. Qxd7 Rxd7 44. b5 1-0

[Event "Moscow Open 2007"]
[Site "Moscow"]
[Date "2007.01.28"]
[Round "2"]
[White "Chernobay, Artem"]
[Black "Deviatkin, Andrei"]
[Result "0-1"]
[WhiteElo "2408"]
[BlackElo "2544"]
[PlyCount "52"]
[EventDate "2007.??.??"]

1. e4 c6 2. Nc3 d5 3. Nf3 Bg4 4. h3 Bh5 5. exd5 cxd5 6. Bb5+ Nc6 7. g4 Bg6 8.
Ne5 Rc8 9. d4 e6 10. Qe2 Nge7 11. h4 h5 12. Bg5 Bh7 13. Qf3 Bg8 14. Bxe7 Bxe7
15. g5 Bd6 16. O-O-O Bxe5 17. dxe5 Bh7 18. Qxh5 O-O 19. Bxc6 Rxc6 20. Rd2 Qa5
21. Kb1 Rfc8 22. g6 Bxg6 23. Qg5 Rxc3 24. h5 Rxc2 25. Rxc2 Bxc2+ 26. Ka1 Qd8
0-1

[Event "Moscow Open 2007"]
[Site "Moscow"]
[Date "2007.01.28"]
[Round "2"]
[White "Yuferov, Sergey  N"]
[Black "Novikov, Stanislav"]
[Result "1/2-1/2"]
[WhiteElo "2407"]
[BlackElo "2535"]
[PlyCount "59"]
[EventDate "2007.??.??"]

1. d4 d6 2. e4 Nf6 3. Nc3 g6 4. f4 Bg7 5. Nf3 O-O 6. Bd3 Nc6 7. O-O Bg4 8. Ne2
Nb4 9. h3 Bxf3 10. Rxf3 Nxd3 11. Qxd3 c6 12. Be3 e5 13. fxe5 dxe5 14. Raf1 Ne8
15. Qb3 Qc7 16. c3 Nd6 17. dxe5 Bxe5 18. Nf4 Nxe4 19. Ne6 fxe6 20. Rxf8+ Rxf8
21. Qxe6+ Kg7 22. Rxf8 Kxf8 23. Bh6+ Bg7 24. Bxg7+ Kxg7 25. Qxe4 Qd6 26. Kf2 h5
27. Kf3 Qd1+ 28. Kg3 Qd6+ 29. Kf3 Qd1+ 30. Kg3 1/2-1/2

[Event "Moscow Open 2007"]
[Site "Moscow"]
[Date "2007.01.28"]
[Round "2"]
[White "Chuprov, Dmitry"]
[Black "Loskutov, Oleg"]
[Result "1/2-1/2"]
[WhiteElo "2534"]
[BlackElo "2397"]
[PlyCount "60"]
[EventDate "2007.??.??"]

1. d4 Nf6 2. c4 g6 3. Nc3 Bg7 4. e4 d6 5. Nf3 O-O 6. Be2 e5 7. d5 a5 8. Nd2 Na6
9. h4 Nd7 10. h5 Ndc5 11. hxg6 hxg6 12. Nb3 a4 13. Nxc5 Nxc5 14. Be3 f5 15. Qc2
Bd7 16. O-O-O b6 17. Rh2 f4 18. Bd2 c6 19. dxc6 Bxc6 20. Bg4 Bd7 21. Bxd7 Qxd7
22. Nd5 Qb7 23. Bb4 Rfc8 24. Qe2 Kf7 25. Kb1 Qc6 26. Nc3 Nb7 27. Qg4 Rd8 28.
Rh7 Qxc4 29. Rdh1 Nc5 30. R1h6 Qd3+ 1/2-1/2

[Event "Moscow Open 2007"]
[Site "Moscow"]
[Date "2007.01.28"]
[Round "2"]
[White "Gagarin, Vasilij"]
[Black "Popov, Ivan"]
[Result "0-1"]
[WhiteElo "2406"]
[BlackElo "2531"]
[PlyCount "90"]
[EventDate "2007.??.??"]

1. c4 g6 2. d4 Bg7 3. Nf3 d6 4. Nc3 c5 5. d5 Bxc3+ 6. bxc3 f5 7. g3 Qa5 8. Nd2
Nf6 9. Bg2 Nbd7 10. O-O Nb6 11. Re1 Rf8 12. e4 fxe4 13. Nxe4 Nxe4 14. Rxe4 Bf5
15. Re1 Qxc3 16. Bg5 Rf7 17. g4 Bd7 18. Re4 Qg7 19. a4 h6 20. Bd2 O-O-O 21. a5
Na8 22. Rb1 Kb8 23. Qb3 Bc8 24. g5 hxg5 25. Bh3 Rf5 26. Bxf5 gxf5 27. Re2 Nc7
28. Qg3 f4 29. Qc3 Qh7 30. Rbe1 Rh8 31. f3 Bf5 32. Qb3 Qh3 33. Rg2 g4 34. Rf1
e5 35. Qd1 Bd3 36. fxg4 Bxf1 37. Qxf1 f3 38. Rf2 Qxg4+ 39. Kh1 Rf8 40. Bh6 Rf6
41. Be3 Ne8 42. Qg1 Qe4 43. Qg8 Rf8 44. Qg5 Nf6 45. h3 Rg8 0-1

[Event "Moscow Open 2007"]
[Site "Moscow"]
[Date "2007.01.28"]
[Round "2"]
[White "Ageichenko, Genadi A"]
[Black "Yandemirov, Valeri"]
[Result "1/2-1/2"]
[WhiteElo "2402"]
[BlackElo "2523"]
[PlyCount "88"]
[EventDate "2007.??.??"]

1. Nf3 Nf6 2. c4 g6 3. Nc3 d5 4. cxd5 Nxd5 5. e4 Nxc3 6. dxc3 Qxd1+ 7. Kxd1 Nd7
8. Bf4 c6 9. Kc2 f6 10. h4 e5 11. Be3 Bc5 12. Re1 Ke7 13. h5 g5 14. g3 Bxe3 15.
Rxe3 Nc5 16. Nd2 Rd8 17. Bh3 Bxh3 18. Rxh3 Rd7 19. Rh1 Rad8 20. Re2 b5 21. Nb3
Nxb3 22. axb3 Rd6 23. b4 R8d7 24. Rf1 Rd3 25. Ra1 Kd8 26. Ra6 R3d6 27. f4 Kc8
28. Ra1 Rd3 29. fxe5 fxe5 30. Rxa7 Rxa7 31. Kxd3 Rf7 32. Rg2 g4 33. Ke2 Rf3 34.
h6 Kd7 35. Rg1 Ke6 36. Ra1 Rxg3 37. Ra7 Rg2+ 38. Ke3 Rxb2 39. Rxh7 Rc2 40. Kd3
Rh2 41. Rg7 Rh3+ 42. Kd2 Rxh6 43. Rxg4 Kf6 44. Rg8 Rh2+ 1/2-1/2

[Event "Moscow Open 2007"]
[Site "Moscow"]
[Date "2007.01.28"]
[Round "2"]
[White "Ionov, Sergey"]
[Black "Kremenietsky, Anatoly M"]
[Result "1-0"]
[WhiteElo "2522"]
[BlackElo "2389"]
[PlyCount "51"]
[EventDate "2007.??.??"]

1. d4 Nf6 2. c4 c6 3. Nc3 d5 4. Nf3 a6 5. cxd5 cxd5 6. Ne5 e6 7. Bf4 Be7 8. e3
O-O 9. Bd3 b5 10. O-O Bb7 11. Qf3 Nbd7 12. Qh3 Re8 13. Rad1 Nf8 14. f3 N6d7 15.
Bb1 Nxe5 16. Bxe5 Bd6 17. Qg3 Bxe5 18. dxe5 f6 19. f4 fxe5 20. fxe5 Nd7 21.
Bxh7+ Kxh7 22. Rf7 Rg8 23. Qh3+ Kg6 24. Qxe6+ Nf6 25. Rxb7 Re8 26. Qf7+ 1-0

[Event "Moscow Open 2007"]
[Site "Moscow"]
[Date "2007.01.28"]
[Round "2"]
[White "Pushkov, Nikolai"]
[Black "Rjabzev, Konstantin"]
[Result "1-0"]
[WhiteElo "2522"]
[BlackElo "2387"]
[PlyCount "101"]
[EventDate "2007.??.??"]

1. d4 d5 2. c4 e6 3. Nc3 Be7 4. cxd5 exd5 5. Bf4 c6 6. e3 Bf5 7. Nge2 Nf6 8.
Ng3 Bg4 9. f3 Be6 10. Bd3 Qb6 11. Qd2 Nbd7 12. Rc1 O-O 13. a3 Rfc8 14. Nf5 Bxf5
15. Bxf5 g6 16. Bh3 Rd8 17. g4 Nf8 18. O-O Ne6 19. Be5 Nd7 20. Bg3 Qb3 21. Qc2
Qxc2 22. Rxc2 Nb6 23. Re1 Bf6 24. Bf1 Rac8 25. b4 Nd7 26. Rec1 Ra8 27. b5 Be7
28. bxc6 bxc6 29. a4 a5 30. Rb1 Bb4 31. Na2 c5 32. Nxb4 axb4 33. dxc5 Ndxc5 34.
Rxb4 Nxa4 35. Ra2 Nac5 36. Rxa8 Rxa8 37. Be5 Nd7 38. Bb2 Rb8 39. Rxb8+ Nxb8 40.
Kf2 Kf8 41. Bb5 Ke7 42. Ba3+ Kd8 43. h4 Nd7 44. Bd6 Nb6 45. f4 Nc4 46. Bb4 f5
47. gxf5 gxf5 48. Bc6 d4 49. Bd5 dxe3+ 50. Kg3 Nb2 51. Bxe6 1-0

[Event "Moscow Open 2007"]
[Site "Moscow"]
[Date "2007.01.28"]
[Round "2"]
[White "Polivanov, Anatoliy"]
[Black "Nikolenko, Oleg"]
[Result "0-1"]
[WhiteElo "2400"]
[BlackElo "2516"]
[PlyCount "122"]
[EventDate "2007.??.??"]

1. e4 c5 2. Nc3 d6 3. Nge2 Nf6 4. d4 cxd4 5. Nxd4 Nc6 6. h3 e6 7. g4 h6 8. Bg2
Bd7 9. Be3 a6 10. Qe2 Nxd4 11. Bxd4 e5 12. Be3 Rc8 13. Qd2 Be7 14. f4 b5 15.
O-O exf4 16. Bxf4 O-O 17. Rad1 b4 18. Ne2 Qb6+ 19. Be3 Qc7 20. Nd4 a5 21. Rf2
Nh7 22. Nf5 Bxf5 23. exf5 Bf6 24. b3 Rfe8 25. Re2 Bg5 26. Bxg5 Rxe2 27. Qxe2
hxg5 28. Qd2 Qxc2 29. Bb7 Qc5+ 30. Qf2 Qxf2+ 31. Kxf2 Rc2+ 32. Ke3 Rxa2 33.
Rxd6 Nf6 34. Rd8+ Kh7 35. Bd5 Nxd5+ 36. Rxd5 f6 37. Kd3 a4 38. Kc4 axb3 39.
Kxb3 Ra3+ 40. Kxb4 Rxh3 41. Kc4 Rg3 42. Rd4 g6 43. fxg6+ Kxg6 44. Re4 Kf7 45.
Kd5 f5 46. gxf5 Kf6 47. Re1 Kxf5 48. Rf1+ Kg4 49. Ke4 Rg2 50. Ke3 Kg3 51. Rh1
g4 52. Rh8 Rb2 53. Rg8 Kh3 54. Rh8+ Kg2 55. Rg8 g3 56. Rh8 Kg1 57. Rg8 g2 58.
Rf8 Rb3+ 59. Ke2 Rh3 60. Rg8 Rh7 61. Kf3 Kf1 0-1

[Event "Moscow Open 2007"]
[Site "Moscow"]
[Date "2007.01.28"]
[Round "2"]
[White "Yudin, Sergei"]
[Black "Gorbatov, Alexej"]
[Result "1-0"]
[WhiteElo "2508"]
[BlackElo "2385"]
[PlyCount "53"]
[EventDate "2007.??.??"]

1. e4 e5 2. Bc4 Nf6 3. d3 Nc6 4. Nf3 Be7 5. O-O O-O 6. Re1 d6 7. a4 Be6 8. Nc3
Bxc4 9. dxc4 h6 10. h3 Nh7 11. Nd5 f5 12. exf5 Rxf5 13. Be3 Kh8 14. a5 Qd7 15.
b4 a6 16. b5 Nd8 17. b6 c6 18. Nc7 Rc8 19. g4 Rxf3 20. Qxf3 g5 21. Rad1 Kg7 22.
c5 d5 23. c4 d4 24. Bxd4 exd4 25. Rxd4 Qxd4 26. Rxe7+ Kg8 27. Qf5 1-0

[Event "Moscow Open 2007"]
[Site "Moscow"]
[Date "2007.01.28"]
[Round "2"]
[White "Kharitonov, Alexandr"]
[Black "Kalashnikov, Konstantin"]
[Result "1/2-1/2"]
[WhiteElo "2503"]
[BlackElo "2384"]
[PlyCount "93"]
[EventDate "2007.??.??"]

1. d4 Nf6 2. c4 g6 3. g3 Bg7 4. Bg2 O-O 5. Nc3 d6 6. Nf3 Nbd7 7. O-O e5 8. e4
exd4 9. Nxd4 Nc5 10. h3 Re8 11. Re1 a5 12. Ndb5 Bd7 13. Bf4 h6 14. Qc2 Ne6 15.
Be3 Ng5 16. g4 Bc6 17. f3 Re7 18. Rad1 Qe8 19. Nd4 Bd7 20. Qd2 Ne6 21. Nde2 Kh7
22. f4 Bc6 23. Ng3 Nf8 24. Nd5 Bxd5 25. cxd5 Qa4 26. Bd4 Rae8 27. a3 b6 28. Bc3
N8d7 29. e5 dxe5 30. g5 Ng8 31. f5 hxg5 32. fxg6+ fxg6 33. Ne4 Bh6 34. d6 cxd6
35. Qxd6 Qc4 36. Kh1 Rf7 37. Qxd7 Rxd7 38. Rxd7+ Re7 39. Nf6+ Kg7 40. Rxe5 Rxd7
41. Nxd7 Kh7 42. Nxb6 Qf4 43. Nd5 Qf2 44. Re1 Bg7 45. Rf1 Qa7 46. Bxg7 Kxg7 47.
b4 1/2-1/2

[Event "Moscow Open 2007"]
[Site "Moscow"]
[Date "2007.01.28"]
[Round "2"]
[White "Krivoborodov, Egor"]
[Black "Ivanov, Victor L"]
[Result "1/2-1/2"]
[WhiteElo "2380"]
[BlackElo "2502"]
[PlyCount "110"]
[EventDate "2007.??.??"]

1. e4 c5 2. Nf3 e6 3. d4 cxd4 4. Nxd4 a6 5. Bd3 Qb6 6. Nb3 Qc7 7. O-O Nf6 8.
Qe2 d6 9. Nc3 Be7 10. f4 Nc6 11. Bd2 b5 12. a4 b4 13. Na2 O-O 14. Kh1 d5 15. e5
Ne4 16. Bxe4 dxe4 17. Qxe4 Bb7 18. Qc4 Qb6 19. a5 Nxa5 20. Nxa5 Qxa5 21. Bxb4
Bxb4 22. Qxb4 Qd5 23. Rg1 a5 24. Qb6 Rfb8 25. Qf2 Rd8 26. Nc3 Qd2 27. Rgf1 Rd4
28. Rad1 Qxf2 29. Rxf2 Rad8 30. Rxd4 Rxd4 31. Kg1 a4 32. Kf1 Rc4 33. Nd1 Re4
34. g3 Ba6+ 35. Kg2 Bb7 36. Kh3 h6 37. Rd2 Rb4 38. c3 Rb3 39. g4 g5 40. Kg3 a3
41. bxa3 Rxa3 42. h4 gxf4+ 43. Kxf4 Bc6 44. Ne3 Rxc3 45. Rc2 Rxc2 46. Nxc2 Kg7
47. Nd4 Bd5 48. Ne2 f6 49. Ng3 Kf7 50. Nh5 fxe5+ 51. Kxe5 Bf3 52. Nf6 Kg6 53.
Kxe6 Bxg4+ 54. Nxg4 Kh5 55. Kf5 Kxh4 1/2-1/2

[Event "Moscow Open 2007"]
[Site "Moscow"]
[Date "2007.01.28"]
[Round "2"]
[White "Romanov, Evgeny"]
[Black "Potapov, Pavel"]
[Result "0-1"]
[WhiteElo "2501"]
[BlackElo "2380"]
[PlyCount "70"]
[EventDate "2007.??.??"]

1. e4 e5 2. Nf3 Nc6 3. Bb5 Nd4 4. Nxd4 exd4 5. Bc4 h5 6. O-O Bc5 7. b4 Bb6 8.
a4 a5 9. bxa5 Rxa5 10. d3 d6 11. Nd2 Bd7 12. Nf3 h4 13. h3 c6 14. Bd2 Rah5 15.
Rb1 Nf6 16. Bg5 Qc7 17. Qc1 Nh7 18. Bxh4 Bc5 19. Bg3 Qc8 20. c3 dxc3 21. Qxc3
Ng5 22. Nxg5 Rxg5 23. d4 Ba7 24. f4 Bxd4+ 25. Qxd4 Rxg3 26. f5 Qc7 27. Kf2 Rg5
28. Qe3 f6 29. Rfd1 Kd8 30. Kg1 Rh4 31. a5 d5 32. Bxd5 cxd5 33. Rbc1 Qe5 34.
Qb6+ Ke8 35. Re1 Rxe4 0-1

[Event "Moscow Open 2007"]
[Site "Moscow"]
[Date "2007.01.28"]
[Round "2"]
[White "Askarov, Marat"]
[Black "Soltanici, Ruslan"]
[Result "1-0"]
[WhiteElo "2487"]
[BlackElo "2372"]
[PlyCount "55"]
[EventDate "2007.??.??"]

1. d4 Nf6 2. c4 e6 3. Nf3 b6 4. g3 Ba6 5. b3 b5 6. cxb5 Bxb5 7. Bg2 Bb4+ 8. Bd2
a5 9. O-O Bc6 10. a3 Be7 11. Nc3 O-O 12. Qc2 d5 13. Ne5 Bb7 14. Na4 Nfd7 15.
Nd3 Ba6 16. Rfc1 c6 17. e3 Bb5 18. Nac5 Qb6 19. b4 a4 20. e4 dxe4 21. Bxe4 Nf6
22. Bg5 h6 23. Bxf6 Bxd3 24. Qxd3 Bxf6 25. b5 Rd8 26. bxc6 Bxd4 27. c7 Qxc7 28.
Nxe6 1-0